000 01625njm a2200433 c 4500
003 BLK
005 20241005005435.0
008 180410b bul||n||s|||||||| n|bulo|
010 _aCDD00007227000
040 _aBLK
041 _aDEU
_cDEU
072 7 _2bullib
_aН9901
_xНемска читалня - музика Н
080 _aОпера. Музикална драма. Романтична опера. Опера-приказка
_b782.1
_x(02.053.2)
_z782.1(02.053.2)
100 _aMozart, Wolfgang Amadeus
_d1756 - 1791
_9386874
700 1 _aSimsa, Marko
_eтекста чете
_924517
700 1 _aHungarian Festival Chorus
_eизп.
_9355378
700 1 _aFailoni Orchestra
_eизп.
_99746
700 1 _aHalasz, Michael
_eдиригент
_9355379
139 _aMozart, Wolfgang Amadeus
_bM 91
245 1 0 _aDie Zauberflote [CD аудио]
_bOper von Wolfgang Amadeus Mozart
_cWolfgang Amadeus Mozart; текста чете Marko Simsa; изп. Hungarian Festival Chorus; изп. Failoni Orchestra; диригент Michael Halasz.
257 _aAUT
260 Wien
_bAnnette Betz
_c2012
300 _a12 cm. Stereo
306 _a68мин.
380 _a7
490 1 _aDas musikalische Bilderbuch
650 4 _aМузика - стилове и направления - за деца
_9324649
650 4 _aОпера
_9165008
653 _aдеца
653 _aмузика
653 _aОпера
659 _aФ
852 _aЦб CD 3326
_p0
856 4 _qpdf
_u
856 4 _qpdf
_u
942 _cCDD
_n0
944 _aCR
_c
_k
_lCRON CRON
944 _aED
_c05.02.2015
_k
999 _c226075
_d226075